[Event "Graz Open 2018"]
[Site "Graz"]
[Date "2018.02.21"]
[Round "7"]
[White "Unuk, Laura"]
[Black "Barski, Radoslaw"]
[Result "0-1"]
[WhiteElo "2362"]
[BlackElo "2429"]
[Annotator "TA"]
[PlyCount "96"]
[EventDate "2018.??.??"]
[EventType "swiss"]
[EventCountry "AUT"]
[SourceTitle "playchess.com"]
[Source "ChessBase"]
[SourceQuality "1"]

{[%evp 9,96,23,41,-19,-21,-19,7,-2,6,-6,13,-7,22,22,25,27,27,0,3,-8,23,7,5,10,12,0,13,13,54,31,33,37,35,0,34,42,39,0,0,0,0,-86,-77,-98,-79,-90,-87,-101,-93,-107,-63,-113,-104,-131,-135,-252,-243,-245,-162,-143,-109,-217,-243,-239,-243,-247,-271,-594,-583,-748,-765,-1922,-1935,-1726,-1732,-29984,-29985,-29989,-29990,-29990,-29985,-29985,-29986,-29986,-29987,-29987,-29986,-29986,-298]} 1. d4 Nf6 2. c4 e6 3. Nf3 a6 4. Bg5 h6 5. Bxf6 (5. Bh4 g5 6. Bg3 Nh5 7. Be5 f6 8. Bg3 f5 9. e3 d6 10. Nc3 Bg7 11. Qc2 Nc6 12. d5 {½-½ (88) Grischuk,A (2772)-Andreikin,D (2712) Huaian 2017}) 5... Qxf6 6. e4 {E10: Blumenfeld Gambit} (6. e3 $14) 6... d6 7. Nc3 Nd7 8. Be2 {The position is equal.} g6 9. Qa4 $146 ({Predecessor:} 9. O-O Bg7 10. Rc1 O-O 11. b4 b6 12. Qa4 {0-1 (56) Chekhov,V (2480)-Zaichik,G (2500) Berlin East 1989}) 9... c6 10. Rd1 e5 11. d5 c5 12. O-O Be7 13. b4 O-O 14. Ne1 h5 15. Nd3 cxb4 16. Qxb4 Qg5 17. Kh1 h4 18. h3 Qh6 19. f4 exf4 20. e5 g5 21. exd6 a5 (21... Bxd6 22. c5 $14) 22. Qb5 Qxd6 23. c5 Nxc5 24. Nxc5 Qxc5 25. Qxc5 (25. d6 $1 $11 Bxd6 26. Rxd6 $1 {[%mdl 512]} Qxd6 27. Qxg5+ Qg6 28. Qxh4) 25... Bxc5 $17 26. Ne4 Be3 27. Nxg5 Bd7 28. Nf3 Rfd8 29. Rb1 Rab8 30. Nxh4 {[#]} b5 $1 {[%cal Bb7b5,Bb5b4][%mdl 32]} 31. Bd3 {[#]} b4 $1 32. Nf3 (32. Kh2 $17) 32... Ba4 $19 33. Bc4 Bb5 34. Ne5 f6 {[%cal Bf7f6,Bf6e5,Be5f4][%mdl 32]} 35. d6+ (35. Bxb5 $17 fxe5 36. Bc6) 35... Kg7 36. Bxb5 fxe5 ({But not} 36... Rxb5 37. Nc4 $17) 37. Bc4 Rxd6 38. a3 $2 (38. Bb3 {is tougher.}) 38... Rc8 39. Bb3 bxa3 40. g3 Rd2 41. gxf4 exf4 42. Ra1 Rc3 {Black mates.} 43. Bd1 Bd4 {[%cal Rc3h3]} 44. Bf3 Rxf3 45. Rxf3 Bxa1 46. Rxa3 Bd4 47. Rxa5 f3 48. Rf5 Rd1+ {Precision: White = 28%, Black = 56%.} 0-1

[Event "Graz Open 2018"]
[Site "Graz"]
[Date "2018.02.21"]
[Round "7"]
[White "Paszewski, Mateusz"]
[Black "Tomazini, Zan"]
[Result "0-1"]
[WhiteElo "2289"]
[BlackElo "2416"]
[Annotator "TA"]
[PlyCount "74"]
[EventDate "2018.??.??"]
[EventType "swiss"]
[EventCountry "AUT"]
[SourceTitle "playchess.com"]
[Source "ChessBase"]
[SourceQuality "1"]

{[%evp 11,74,14,22,6,15,17,32,16,20,5,8,8,33,33,27,28,21,32,41,20,36,6,24,37,41,26,18,16,29,34,35,24,53,18,31,0,0,0,0,0,0,0,18,-9,-5,-16,0,0,6,-317,-338,-556,-576,-762,-753,-703,-687,-650,-579,-544,-516,-1207,-1159,-1317,-1299]} 1. e4 e5 2. Nf3 Nc6 3. d4 exd4 4. Nxd4 Bb4+ 5. c3 Bc5 6. Nxc6 bxc6 7. Bd3 {C45: Scotch Game} d6 (7... Qh4 8. Qe2 Nf6 9. h3 d6 10. g3 Qh5 11. Qxh5 Nxh5 12. Nd2 a5 13. Nb3 Bb6 14. Nd4 Bd7 {0-1 (54) Ni,H (2670)-Alekseev,E (2662) Saratov 2011}) 8. O-O Nf6 9. Nd2 {White is slightly better.} Ng4 {[#] aiming for ...Qh4.} 10. h3 Ne5 $1 {[%cal Re5d3]} ({But not} 10... Nxf2 $6 11. Rxf2 Bxf2+ 12. Kxf2 $16) 11. Nf3 $146 ({Predecessor:} 11. Nb3 Bb6 12. Nd4 Nxd3 13. Qxd3 Bd7 14. Re1 O-O {½-½ (31) Forchert,M (2224)-Rechmann,P (2255) Germany 2012}) 11... Qf6 12. Nxe5 Qxe5 13. Kh1 O-O 14. f4 Qe7 15. Qc2 a5 16. Bd2 Qh4 17. Be1 Qf6 18. Bf2 Bxf2 19. Rxf2 Ba6 20. Bxa6 Rxa6 {[%cal Ba8a6,Ba6b6,Bb6b5,Bb5b2,Bb2b1,Bb1h1][%mdl 32]} 21. Re1 Re8 22. a3 h6 23. g3 {[%cal Bg2g3,Bg3g4,Bg4g5][%mdl 32]} Rb6 24. Kg2 Qe6 25. Ree2 Qc4 26. h4 a4 27. g4 Reb8 {[%cal Be8b8,Bb8b3,Bb3b1,Bb1c1][%mdl 32]} 28. Qd1 Rb5 29. g5 h5 30. Kf3 $2 {[%mdl 8192] [#]} (30. Kh2 $11) 30... Rxb2 $1 $19 {[%mdl 512]} 31. Qc1 $2 (31. Kg2 Rxe2 32. Qxe2 Qxe2 33. Rxe2) (31. Rxb2 Qxc3+) 31... Rb1 {Black is clearly winning.} 32. Qe3 R8b3 33. Rc2 Rh1 {( -> ...Rh3+)} 34. Kg3 Qe6 {[%csl Gh1][%cal Re6h3]} 35. f5 Qe5+ 36. Rf4 (36. Qf4 $142 Rxc3+ 37. Kg2 Rxc2 38. Kxh1 Rxf2 39. Qxf2) 36... Rbb1 37. Rg2 Rbc1 {Precision: White = 49%, Black = 61%.} 0-1

[Event "Graz Open 2018"]
[Site "Graz"]
[Date "2018.02.22"]
[Round "8"]
[White "Socko, Bartosz"]
[Black "Dastan, Muhammed Batuhan"]
[Result "0-1"]
[WhiteElo "2593"]
[BlackElo "2520"]
[Annotator "TA"]
[PlyCount "86"]
[EventDate "2018.??.??"]
[EventType "swiss"]
[EventCountry "AUT"]
[SourceTitle "playchess.com"]
[Source "ChessBase"]
[SourceQuality "1"]

{[%evp 18,86,0,-6,0,0,5,-17,-11,-25,-12,-34,-16,-33,-23,-40,-33,-55,-31,-43,-40,-47,-43,-47,-50,-66,-76,-70,-82,-129,-133,-119,-122,-112,-111,-133,-102,-141,-73,-76,-66,-78,-83,-180,-182,-185,-191,-211,-211,-202,-200,-200,-200,-356,-363,-362,-267,-265,0,-338,-314,-299,-310,-290,-288,-448,-441,-441,-441,-441,-434]} 1. d4 d5 2. c4 dxc4 3. e3 Nf6 4. Bxc4 e6 5. Nf3 c5 6. O-O a6 7. a3 b5 8. Ba2 Nbd7 9. Nc3 Bb7 10. Qe2 {LiveBook: 77 Games} Rc8 {D27: Queen's Gambit Accepted: Classical main line: 7 e4!? and 7 a4} (10... Be7 11. e4 cxd4 12. Nxd4 Bd6 13. f4 Bc5 14. Be3 Qb6 15. Rad1 e5 16. fxe5 Nxe5 17. b4 Bxd4 18. Bxd4 {1-0 (26) Moiseenko,A (2657)-Halkias,S (2585) Doha 2016}) 11. Rd1 Qc7 12. Bd2 Bd6 {The position is equal.} 13. h3 O-O 14. Rac1 Qb8 15. Be1 c4 $146 ({Predecessor:} 15... cxd4 16. Nxd4 Ne5 17. e4 {0-1 (40) Krutti,V (2350)-Meszaros,A (2390) Eger 1993}) 16. Bb1 e5 17. dxe5 Nxe5 18. Nxe5 Bxe5 19. f4 Bd6 $1 {[%cal Be5d6,Bd6e7,Be7c5][%mdl 32]} 20. Bh4 {[#] Bxf6 is the strong threat.} Be7 21. Qf2 Rfe8 22. Kh2 Bc5 23. Re1 {And now Bxf6 would win.} Ne4 24. Bxe4 Bxe4 25. Qg3 Qb6 26. Rcd1 Qg6 27. Qg4 Qxg4 ({Black should try} 27... f5 28. Qxg6 hxg6) 28. hxg4 $17 Bd3 29. e4 f6 30. g5 (30. Kg3 $17 {was worth a try.}) 30... fxg5 $19 31. fxg5 Re5 32. Kg3 Rf8 33. Rd2 h6 {[%cal Bh7h6,Bh6g5][%mdl 32]} 34. Kg4 hxg5 35. Bg3 $2 (35. Bxg5 Bf2 36. Red1) 35... Re6 36. Red1 Bd4 37. Re1 Bc5 38. Red1 $1 Be3 39. Rxd3 cxd3 40. Rxd3 Bc1 41. Bd6 (41. b3 $142) 41... Rd8 {Black is clearly winning.} 42. e5 {[#]} Rxe5 $1 {[%mdl 512]} 43. Rd1 (43. Bxe5 Rxd3) 43... Re6 {Precision: White = 51%, Black = 70%.} 0-1

[Event "Graz Open 2018"]
[Site "Graz"]
[Date "2018.02.22"]
[Round "8"]
[White "Sebenik, Matej"]
[Black "Deac, Bogdan-Daniel"]
[Result "1/2-1/2"]
[WhiteElo "2557"]
[BlackElo "2549"]
[Annotator "TA"]
[PlyCount "101"]
[EventDate "2018.??.??"]
[EventType "swiss"]
[EventCountry "AUT"]
[SourceTitle "playchess.com"]
[Source "ChessBase"]
[SourceQuality "1"]

{[%evp 15,101,29,41,0,19,25,21,21,22,26,31,23,22,34,63,29,58,58,66,69,60,60,62,62,116,116,116,115,118,126,122,76,76,64,64,64,64,60,60,60,66,60,61,61,66,66,67,66,66,66,66,66,66,0,66,66,66,66,68,68,68,68,81,74,88,88,88,88,88,88,89,89,89,89,89,89,82,39,45,43,47,31,32,34,38,11,16,0]} 1. Nf3 c5 2. c4 Nc6 3. Nc3 Nf6 4. g3 d5 5. d4 e6 6. cxd5 Nxd5 7. Bg2 Nb6 {D41: Queen's Gambit Declined: Semi-Tarrasch with 5 cxd5} (7... cxd4 8. Nxd4 Nxc3 9. bxc3 Nxd4 10. Qxd4 Qxd4 11. cxd4 Bd6 12. a4 Rb8 13. Ba3 Ke7 14. Bxd6+ Kxd6 15. Kd2 Bd7 16. Rhc1 Rhc8 17. a5 Rxc1 18. Rxc1 b6 19. axb6 Rxb6 20. Ra1 Rb2+ 21. Kd1 Rb4 22. Ra6+ Ke7 23. Rxa7 Rxd4+ 24. Ke1 Ra4 25. Rxa4 Bxa4 {½-½ (25) Wojtaszek,R (2745)-Karjakin,S (2783) Shamkir 2017}) 8. Bg5 f6 {[%cal Rc5d4] LiveBook: 3 Games} 9. dxc5 Qxd1+ $146 ({Find the theoretical novelty and annotate with similar games:} 9... Bxc5 10. Ne4 Qxd1+ 11. Rxd1 Bb4+ 12. Bd2 Bxd2+ 13. Nfxd2 Ke7 14. f4 a5 15. Nc5 {1-0 (43) Agdestein,S (2590)-Chandler,M (2605) Hastings 1991}) 10. Rxd1 Bxc5 11. Bc1 Bd7 12. O-O O-O-O 13. Nd2 Be7 14. Nde4 Be8 15. Bh3 Bf7 16. Bf4 Nc4 17. b3 Rxd1 18. Rxd1 N4e5 19. Nb5 Kb8 {[#]} (19... Rd8 $14 20. Rxd8+ Kxd8) 20. Nd4 $1 $16 Nxd4 21. Rxd4 h6 22. Rd7 Re8 23. Bxe5+ fxe5 24. Nd6 Bxd6 $1 25. Rxf7 $14 {[%mdl 4096] Endgame KRB-KRB} Re7 26. Rf8+ Kc7 27. e3 Kd7 28. Rg8 Rf7 29. Bg2 Kc7 30. Be4 Bf8 31. h4 Bb4 32. Kf1 Bc5 33. Kg2 Bb4 34. Kf1 Bc5 $1 35. Ke2 Rd7 36. g4 Bb4 37. g5 hxg5 38. hxg5 a5 39. a4 b6 40. Bd3 Kd6 41. Bb5 Rc7 42. Rb8 e4 43. Rxb6+ Ke5 44. Bc4 Kf5 45. Bxe6+ Kxg5 46. f4+ exf3+ 47. Kxf3 Rc3 48. Rb5+ Kf6 49. Bc4 g5 50. Rb6+ Kf5 51. Rb5+ {Precision: White = 73%, Black = 55%.} 1/2-1/2

[Event "Graz Open 2018"]
[Site "Graz"]
[Date "2018.02.22"]
[Round "8"]
[White "Poetsch, Hagen"]
[Black "Chakravarthi Reddy, M."]
[Result "1/2-1/2"]
[WhiteElo "2484"]
[BlackElo "2380"]
[Annotator "TA"]
[PlyCount "97"]
[EventDate "2018.??.??"]
[EventType "swiss"]
[EventCountry "AUT"]
[SourceTitle "playchess.com"]
[Source "ChessBase"]
[SourceQuality "1"]

{[%evp 26,97,40,17,43,34,55,40,62,50,41,52,56,48,41,45,93,39,66,58,55,60,58,61,88,97,102,106,122,122,180,0,0,0,0,-39,0,0,0,0,0,0,0,0,0,0,0,0,0,0,0,0,0,0,0,0,0,0,0,0,0,0,0,0,0,0,0,0,0,0,0,0,0,0]} 1. e4 e6 2. d4 d5 3. Nd2 Nf6 4. e5 Nfd7 5. Bd3 c5 6. c3 Nc6 7. Ne2 cxd4 8. cxd4 f6 9. exf6 Nxf6 10. O-O Bd6 11. Nf3 Qc7 12. h3 O-O 13. Be3 Bd7 14. Rc1 Qb6 {[#] C06: French Tarrasch: 3...Nf6 4 e5 Nfd7 5 Bd3 main lines} 15. Ne5 $146 ({Predecessor:} 15. Qd2 Nb4 16. Bb1 Bb5 17. Ng5 Rae8 18. a3 Qa6 19. Rfe1 Nd3 20. Bxd3 Bxd3 21. Bf4 e5 22. dxe5 Bxe5 23. Bxe5 Rxe5 {1-0 (52) Cardelli,G (2554)-Trapl,J (2556) ICCF corr 1999}) 15... Qxb2 16. Rb1 Qxa2 {White is slightly better.} 17. Nxd7 (17. Rxb7 Nxe5 18. dxe5 Bxe5 $17) 17... Nxd7 18. Rxb7 Nf6 $1 19. Nc3 Qa5 20. Nb5 $36 {[%mdl 2048] White has good play.} Qd8 {[#] Threatening ...Bb8.} 21. Bg5 ({White should play} 21. Bxh7+ $1 $16 Kxh7 22. Qc2+ Ne4 23. Qxc6) 21... Rb8 22. Bxh7+ Kxh7 23. Qc2+ Kh8 24. Qxc6 Rxb7 25. Qxb7 Bb8 26. Nxa7 Qd6 {[%csl Gb8][%cal Rd6h2]} 27. g3 Qa3 {[#]} (27... Qc7 $16 28. Qxc7 Bxc7) 28. Nb5 $2 (28. Nc8 $1 $18) 28... Qf3 $1 $11 29. Nc7 Qf5 $1 ({Much weaker is} 29... Bxc7 $6 30. Qxc7 Ne4 31. Bf4 $16) 30. Qb4 Kg8 31. Bxf6 {The position is equal.} Qxf6 32. Qb6 $1 {[%cal Rb6e6]} Bxc7 33. Qxc7 Qxd4 {[%mdl 4096] Endgame KQR-KQR} 34. Qc2 Qe5 35. Qd2 Qf5 36. h4 Rb8 37. Qa2 Qe5 (37... Rb4 {is more complex.} 38. Rc1 Kh7 39. Kg2 Qg6 40. h5 Qe4+) 38. Qc2 Qf5 (38... d4 {with more complications.} 39. Qd3 Qd5 40. Rc1 e5 41. f3 Qe6) 39. Qxf5 exf5 {KR-KR} 40. Re1 Rd8 41. Re5 g6 42. h5 Kg7 ({But not} 42... gxh5 43. Rxf5 h4 44. Rg5+ (44. gxh4 d4 $16) 44... Kf7 45. gxh4 $14) 43. hxg6 Kxg6 44. Kf1 Kf6 45. f4 d4 46. Ke2 Rg8 47. Rd5 Rxg3 48. Rd6+ Kf7 49. Rxd4 {Precision: White = 82%, Black = 62%.} 1/2-1/2

[Event "Graz Open 2018"]
[Site "Graz"]
[Date "2018.02.22"]
[Round "8"]
[White "Gumularz, Szymon"]
[Black "Nevednichy, Vladislav"]
[Result "1/2-1/2"]
[WhiteElo "2450"]
[BlackElo "2551"]
[Annotator "TA"]
[PlyCount "152"]
[EventDate "2018.??.??"]
[EventType "swiss"]
[EventCountry "AUT"]
[SourceTitle "playchess.com"]
[Source "ChessBase"]
[SourceQuality "1"]

{[%evp 24,152,41,35,48,49,61,56,58,49,86,66,78,76,77,74,67,67,77,66,77,63,73,64,63,48,64,63,94,58,79,81,74,18,41,16,110,110,111,102,109,114,106,94,105,91,110,103,126,130,116,108,150,72,227,239,241,254,384,263,263,268,267,278,283,220,364,262,359,347,312,296,283,197,191,185,224,208,194,164,183,47,131,45,73,74,64,20,418,411,358,0,183,66,87,34,125,23,62,0,45,0,50,58,211,228,251,195,661,486,556,11,66,66,66,65,65,51,45,44,44,13,25,0,43,8,8,8,8,8,8]} 1. d4 Nf6 2. c4 d6 3. Nc3 e5 4. Nf3 Nbd7 5. e4 g6 6. g3 Bg7 7. Bg2 O-O 8. O-O c6 9. h3 Qa5 10. Re1 exd4 11. Nxd4 Ne5 12. Bf1 Re8 13. Rb1 {LiveBook: 94 Games} Qc7 {E69: King's Indian: Fianchetto: 6...Nbd7 7 0-0 e5 8 e4 c6 9 h3} (13... a6 14. b4 Qc7 15. f4 Ned7 16. Kh2 c5 17. bxc5 Nxc5 18. Bg2 Bd7 19. Ba3 Rad8 20. Qd2 h5 21. Bb4 {½-½ (40) Ruck,R (2563)-Dragun,K (2595) Katowice 2016}) 14. Be3 a6 15. f4 Ned7 {White is slightly better.} 16. Bg2 c5 $146 ({Predecessor:} 16... Rb8 17. Bf2 c5 18. Nc2 {1-0 (39) Ruck,R (2450)-Jusic,Z (2365) Pula 1997}) 17. Nc2 Rb8 18. a4 b6 19. Bf2 Bb7 20. Qd3 Nf8 {[%cal Bd7f8,Bf8e6,Be6d4][%mdl 32]} 21. Rbd1 Rbd8 $1 22. g4 Ne6 23. Bg3 Qb8 24. Rf1 Nd7 25. Ne3 Rc8 26. h4 ({And not} 26. Qxd6 Bd4 $17) 26... Nd4 27. g5 b5 28. f5 (28. b3 $16) 28... bxc4 29. Qxc4 d5 (29... gxf5 $1 $11 {remains equal.} 30. Nxf5 Nxf5 31. Rxf5 d5 32. Bxb8 dxc4) 30. Bxb8 $16 dxc4 31. Bf4 Ne5 32. f6 Bf8 33. Bxe5 $1 Rxe5 34. Nxc4 Ree8 35. e5 $1 Bxg2 36. Kxg2 Rb8 {Black wants to play ...Rb4.} 37. Nd5 $36 {[%mdl 2048] White is really pushing.} h6 38. h5 (38. Rd3 $142) 38... Kh7 $2 (38... Red8 $16) 39. hxg6+ $18 Kxg6 40. gxh6 Rb3 (40... Kh7 {was necessary.} 41. Rh1 Red8) 41. Rh1 Kh7 42. Rh3 Rxh3 43. Kxh3 Rb8 44. Rd3 Ne6 (44... Rd8 $142) 45. Kg2 Bxh6 46. Kf2 Bc1 47. Ne7 Kh6 48. Nc6 Rc8 49. N6a5 $1 Bf4 50. Nd6 Rb8 51. b3 ({Don't take} 51. Nxf7+ $6 Kg6 $16) 51... Ng5 52. Nf5+ (52. Nc6 $18 Rb6 53. Nd8) 52... Kh5 (52... Kg6 $14 53. Ne7+ Kh5) 53. Nc4 (53. Rd1 $1 $16 {[%cal Rd1h1] And now Rh1+ would win.} Kg6 54. Ne7+ Kh5 55. Nec6) 53... Kg4 54. Nfe3+ Bxe3+ 55. Kxe3 $16 {[%mdl 4096] Endgame KRN-KRN} Nf3 $2 {[%mdl 8192]} (55... Kf5 $1 $11 {and Black has nothing to worry.}) 56. Ke4 $18 Ng5+ 57. Ke3 $2 ({White has to play} 57. Kd5 $1 $18) 57... Rh8 $2 (57... Nf3 $11 {and Black is okay.}) 58. Kd2 ({Only move:} 58. Nd6 $18) 58... Kf4 59. Kc1 (59. Rd5 $16) 59... Nf3 (59... Rh1+ $14 60. Kb2 Rh2+ 61. Ka3 Ne6) 60. Rd6 (60. Rd1 $1 $16) 60... Nd4 $11 61. Rxa6 (61. e6 $1 $14 fxe6 62. b4 (62. Rxa6 Rh1+ 63. Kb2 Rh2+ 64. Kb1 Rh1+ 65. Ka2 Rh2+ 66. Nb2 Ke5 $14)) 61... Ke4 62. Rd6 (62. e6 $5 Kd3 63. Rd6 $14) 62... Kd3 63. Nb2+ Kc3 $2 ({Black should try} 63... Ke4 $1 $14) 64. Nd1+ $18 Kxb3 {[#]} 65. a5 $1 Rh2 $2 (65... Ra8) 66. Rb6+ Ka4 67. Ne3 $2 ({Better is} 67. a6 $18 Nb3+ 68. Kb1 Nd2+ 69. Ka2 Nc4+ 70. Nb2+ Ka5 71. Rb8 Kxa6 {[#]} 72. e6 $1 {[%mdl 512]} fxe6 73. f7) 67... Nb3+ ({Black should play} 67... Kxa5 $11 68. Nc4+ Ka4) 68. Kd1 $14 Nxa5 69. e6 fxe6 70. Rxe6 {Ng4 is the strong threat.} Rh8 71. Ng4 {aiming for f7.} Nb7 72. Rb6 Nd8 73. Ne5 Re8 (73... Rh5 $5 {[%cal Rh5e5]} 74. Ng4 Rd5+ 75. Kc2 Nf7 $14) 74. Nd3 Ka5 {The position is equal.} 75. Rb8 Rf8 $1 76. Nxc5 {Strongly threatening Nd7.} Ne6 $1 {Precision: White = 50%, Black = 37%.} 1/2-1/2

[Event "Graz Open 2018"]
[Site "Graz"]
[Date "2018.02.22"]
[Round "8"]
[White "Barski, Radoslaw"]
[Black "Gazik, Viktor"]
[Result "1-0"]
[WhiteElo "2429"]
[BlackElo "2473"]
[Annotator "TA"]
[PlyCount "57"]
[EventDate "2018.??.??"]
[EventType "swiss"]
[EventCountry "AUT"]
[SourceTitle "playchess.com"]
[Source "ChessBase"]
[SourceQuality "1"]

{[%evp 9,57,116,134,104,108,97,89,88,72,72,83,98,106,105,120,106,93,99,106,117,114,106,110,79,78,89,134,131,139,83,85,79,86,97,159,162,158,204,543,564,697,683,916,931,918,903,1086,1005,1002,733]} 1. e4 a6 2. d4 b5 3. Nf3 Bb7 4. Bd3 g6 5. O-O (5. h4 h6 6. a4 bxa4 7. Nc3 Bg7 8. O-O Nf6 9. e5 Nd5 10. Nxd5 Bxd5 11. c4 {½-½ (71) Morozevich,A (2676)-Golubov,S (2501) Moscow 2017}) 5... Bg7 6. Re1 {B00: Queen's Fianchetto Defence, Nimzowitsch Defence} d6 7. Nbd2 $146 ({Find the theoretical novelty and annotate with similar games:} 7. c3 c5 8. dxc5 dxc5 9. Qe2 c4 10. Bc2 Nd7 11. Nbd2 {½-½ (34) Middleton,T (2001)-Fernandez,M (2191) Doncaster 2017}) 7... c5 8. c3 {White is better.} Nf6 9. a4 c4 10. Bf1 O-O {[#]} 11. b3 $1 b4 12. Bb2 ({Of course not} 12. Nxc4 $6 bxc3 13. Bd3 a5 $11) 12... bxc3 13. Bxc3 cxb3 14. Qxb3 Ra7 15. d5 {[#] Threatens to win with Bd4.} Nbd7 16. a5 Nc5 17. Qa3 e6 18. dxe6 Nxe6 19. Bb4 (19. Rad1 $142) 19... Re8 $16 20. Rad1 Qa8 {[%cal Rf6e4]} 21. e5 dxe5 (21... Bxf3 $142 22. Nxf3 (22. Qxf3 dxe5 23. Qxa8 Rexa8 $11) 22... dxe5) 22. Nxe5 Nd5 23. Ndc4 {Hoping for Nb6.} Nef4 $2 (23... Nxb4 {is tougher.} 24. Qxb4 Bc8) 24. Bc5 $18 {White is clearly winning.} Re6 25. g3 {[%cal Bg2g3,Bg3f4][%mdl 32]} f6 26. gxf4 fxe5 27. Nb6 Qe8 28. Nxd5 Ra8 29. Bg2 {Precision: White = 73%, Black = 71%.} 1-0

[Event "Graz Open 2018"]
[Site "Graz"]
[Date "2018.02.22"]
[Round "8"]
[White "Tomazini, Zan"]
[Black "Istratescu, Andrei"]
[Result "1/2-1/2"]
[WhiteElo "2416"]
[BlackElo "2595"]
[Annotator "TA"]
[PlyCount "58"]
[EventDate "2018.??.??"]
[EventType "swiss"]
[EventCountry "AUT"]
[SourceTitle "playchess.com"]
[Source "ChessBase"]
[SourceQuality "1"]

{[%evp 18,58,0,0,16,0,12,7,10,7,11,13,19,22,21,19,29,27,39,35,40,0,0,0,0,0,11,-13,-5,-5,-3,-5,0,-7,0,-5,0,0,0,0,0,0,0]} 1. e4 {[%cal Be2e4,Be4e5][%mdl 32]} c5 2. c3 Nf6 3. e5 Nd5 4. d4 cxd4 5. Nf3 Nc6 6. cxd4 d6 7. Bc4 dxe5 8. Nxe5 e6 9. O-O Bd6 {B22: Sicilian: 2 c3} 10. Qh5 {[%csl Ge5][%cal Rh5f7] [#] LiveBook: 3 Games} (10. Re1 O-O 11. Bxd5 exd5 12. Nc3 Bxe5 13. dxe5 d4 14. Nb5 Qa5 15. Nd6 Nxe5 16. Bf4 Nc6 17. Qf3 {½-½ (40) Bortnyk,O (2568)-Volokitin,A (2640) Lvov 2016}) 10... O-O 11. Rd1 ({Reject} 11. Bd3 g6 $15) 11... Qc7 (11... Nf6 {looks sharper.} 12. Nxc6 Nxh5 13. Nxd8 Rxd8 14. Bg5 Nf6) 12. Bxd5 ({Much weaker is} 12. Bd3 g6 $17) 12... exd5 13. Nc3 Bxe5 14. Nxd5 {[#]} Bxh2+ $1 {[%mdl 512]} 15. Qxh2 Qxh2+ 16. Kxh2 Bf5 $146 ({Predecessor:} 16... Bg4 17. f3 {½-½ (45) Tomazini,Z (2395)-Zorko,J (2465) Slovenia 2017}) 17. Ne3 Bg6 18. d5 Nb4 19. f4 {Strongly threatening f5.} Nc2 {The position is equal.} 20. Nxc2 Bxc2 21. Rd2 Be4 22. Rd4 Rfe8 23. Bd2 Rad8 24. Re1 $36 {[%mdl 2048] White is more active.} Bf5 25. Rxe8+ Rxe8 26. d6 Bd7 27. Rc4 {aiming for Rc7.} Rc8 $1 {[%cal Rc8c4]} 28. Re4 Re8 29. Rc4 {Threatens to win with Rc7.} Rc8 $1 {Precision: White = 69%, Black = 53%.} 1/2-1/2

[Event "Graz Open 2018"]
[Site "Graz"]
[Date "2018.02.22"]
[Round "8"]
[White "Viani Antonio Dcunha"]
[Black "Schweighoffer, Martin"]
[Result "1-0"]
[WhiteElo "2402"]
[BlackElo "2124"]
[Annotator "TA"]
[PlyCount "41"]
[EventDate "2018.??.??"]
[EventType "swiss"]
[EventCountry "AUT"]
[SourceTitle "playchess.com"]
[Source "ChessBase"]
[SourceQuality "1"]

{[%evp 22,41,11,0,0,0,14,0,11,19,24,15,150,141,142,144,444,276,721,708,1327,1294]} 1. e4 e5 2. Nf3 Nc6 3. Bc4 Bc5 4. O-O Nf6 5. d3 d6 6. c3 a6 7. Bb3 Ba7 8. Nbd2 {[%cal Bb1d2,Bd2f1,Bf1g3,Bg3f5][%mdl 32]} O-O 9. h3 h6 10. Re1 Nh5 11. Nf1 Qf6 12. Be3 Bxe3 {C54: Giuoco Piano: 4 c3 Nf6, main lines with 5 d4 and 5 d3} 13. fxe3 (13. Rxe3 Nf4 14. a3 Ne7 15. d4 Neg6 16. Ng3 h5 17. Bc2 Ne7 18. Qf1 h4 19. dxe5 dxe5 20. Nf5 {½-½ (46) Xiong,J (2674)-Sevian,S (2587) Saint Louis 2017}) 13... Qg6 14. Kh2 Be6 {The position is equal.} 15. g4 {[%cal Bg2g4,Bg4g5][%mdl 32]} Nf6 $1 16. Ng3 h5 $146 {[#]} (16... Kh8 $11) ({Predecessor:} 16... Rae8 17. Rg1 Ne7 18. Qe2 Bxb3 19. axb3 {½-½ (43) Efremov,A (2522)-Osterman,G (2486) ICCF email 2012}) 17. g5 $1 $16 {[%cal Rg5f6]} Nh7 {[#]} 18. Rg1 $1 Bg4 $2 {[%mdl 8192]} (18... Bxb3 $16 19. Qxb3 Ne7) 19. Nf5 Nxg5 $2 (19... Bxf5 20. Nh4 Bxe4 21. Nxg6 Bxg6) 20. hxg4 $18 hxg4 21. N3h4 1-0

[Event "Graz Open 2018"]
[Site "Graz"]
[Date "2018.02.22"]
[Round "8"]
[White "Menezes, Christoph"]
[Black "Schwabeneder, Florian"]
[Result "1/2-1/2"]
[WhiteElo "2385"]
[BlackElo "2403"]
[Annotator "TA"]
[PlyCount "42"]
[EventDate "2018.??.??"]
[EventType "swiss"]
[EventCountry "AUT"]
[SourceTitle "playchess.com"]
[Source "ChessBase"]
[SourceQuality "1"]

{[%evp 14,42,11,9,10,6,7,5,20,8,0,9,22,14,44,35,32,9,12,0,0,0,0,0,0,0,0,0,0,-14,-18]} 1. Nf3 Nf6 2. c4 e6 3. g3 d5 4. Bg2 dxc4 5. Qa4+ Bd7 6. Qxc4 {A13: English Opening: 1...e6} c5 7. Ne5 Qc8 8. Qd3 {LiveBook: 26 Games} Be7 (8... Nc6 9. Nxd7 Nxd7 10. Nc3 Be7 11. Qb5 a6 12. Qa4 Nd4 13. O-O O-O {1-0 (33) Aronian,L (2797)-Sethuraman,S (2646) Caleta 2018}) 9. O-O O-O 10. Nxd7 Nbxd7 11. Nc3 $146 ({Find the theoretical novelty and annotate with similar games:} 11. Qc2 Nb6 12. d3 Nbd5 13. Nd2 Qd7 {1-0 (56) Rozum,I (2586)-Sjugirov,S (2650) Sochi 2017}) 11... Rd8 12. Qb5 Nb6 13. d3 Qd7 14. Qxd7 Rxd7 15. b3 Nbd5 {The position is equal.} 16. Bd2 Nxc3 17. Bxc3 Nd5 18. Bd2 a5 19. Rab1 Nb4 20. a4 Rad8 21. Bxb4 axb4 {Precision: White = 58%, Black = 86%.} 1/2-1/2